|
|
|
|
| LEADER |
00000nam0a2200000 4500 |
| 001 |
284540 |
| 005 |
20231101235714.0 |
| 035 |
|
|
|a (RuTPU)RU\TPU\book\308710
|
| 090 |
|
|
|a 284540
|
| 100 |
|
|
|a 20150216d1973 km y0rusy50 ca
|
| 101 |
0 |
|
|a rus
|
| 102 |
|
|
|a RU
|
| 105 |
|
|
|a a z 001zy
|
| 200 |
1 |
|
|a Методическое руководство по техническому нормированию разведочного бурения
|f С. Ф. Буриков [и др.]
|g Всесоюзный научно-исследовательский институт экономики минерального сырья и геологоразведочных работ (ВИЭМС)
|
| 210 |
|
|
|a Москва
|c Недра
|d 1973
|
| 215 |
|
|
|a 192 с.
|c ил.
|
| 320 |
|
|
|a Библиогр.: с. 190
|
| 606 |
1 |
|
|a Бурение разведочное
|x Техническое нормирование
|2 stltpush
|3 (RuTPU)RU\TPU\subj\30372
|9 53490
|
| 610 |
1 |
|
|a производительность труда
|
| 610 |
1 |
|
|a методы
|
| 610 |
1 |
|
|a процессы
|
| 610 |
1 |
|
|a нормы
|
| 610 |
1 |
|
|a наблюдения
|
| 610 |
1 |
|
|a исследования
|
| 610 |
1 |
|
|a фотография рабочего дня
|
| 610 |
1 |
|
|a ФРД
|
| 610 |
1 |
|
|a хронометрирование
|
| 610 |
1 |
|
|a хронометраж
|
| 610 |
1 |
|
|a вычислительная техника
|
| 675 |
|
|
|a 550.822.7.02:658
|v 4
|
| 701 |
|
1 |
|a Буриков
|b С. Ф.
|
| 701 |
|
1 |
|a Володченко
|b К. Г.
|
| 701 |
|
1 |
|a Кривенко
|b М. Г.
|
| 701 |
|
1 |
|a Миронова
|b Л. И.
|
| 712 |
0 |
2 |
|a Всесоюзный научно-исследовательский институт экономики минерального сырья и геологоразведочных работ (ВИЭМС)
|2 stltpush
|3 (RuTPU)RU\TPU\col\8802
|
| 801 |
|
1 |
|a RU
|b 63413507
|c 20150216
|
| 801 |
|
2 |
|a RU
|b 63413507
|c 20180220
|g RCR
|
| 942 |
|
|
|c BK
|